Une lettre suffit pour répondre juste #95 (attention 10 lettres tuent) - Statistiques

Statistiques générales
  • Ce quiz a été pris 45 fois
  • Le résultat moyen est 3 sur 6
Statistiques - réponses
Hint Réponse % Correct
Donne une des 5 lettres du nom (de 5 lettres) du département français qui compte dans son top 10 de ses communes les plus peuplées en 2022 :
- Montbéliard - Audincourt - Morteau
DOUBS
100%
Donne une des 4 lettres qui complète le nom de cette série TV de la fin 90s début 2000 : _ _ _ _, la guerrière
XENA
90%
Donne une des 3 lettres qu'on entend quand est prononcé à haute voix le verbe qui signifie : - de manière préjoratif : Avoir une activité réduite ; vivre dans une morne inaction ou rester dans une situation médiocre - (vieux) Se développer (surtout des plantes) - (moderne) Mal pousser, croître avec difficulté (plantes) VGT (végéter)
40%
Donne une des 2 lettres de l'abrégé de la plus grande ville et le centre de la deuxième agglomération (après Saint-Louis) du Missouri, État au centre des États-Unis C'est aussi la ville des Chiefs dont voici le stade :
KC (Kansas City)
17%
Donne la lettre des initiales (1ere lettre prénom / nom) du nom de cet acteur américain qui a joué notamment dans : -Butch Cassidy et le Kid -Jeremiah Johnson, -Nos plus belles années, -Les Trois Jours du Condor, -Les Hommes du président -Out of Africa -L'Homme qui murmurait à l'oreille des chevaux -Une vie inachevée
R
10%
Donne la lettre qui est en 1ere et dernière position dans le titre cette chanson des Beatles : _???????_ All my troubles seemed so far away Now it looks as though they're here to stay Oh, I believe in _???????_ Y (YesterdaY)
10%
Aucun quiz correspondant
Distribution des résultats
% des personnes avec chaque résultat
Percentile par nombre de réponses
Votre historique - résultats
Vous n’avez pas pris ce quiz